Quel Président a fait ça ? - Statistiques

Statistiques générales
  • Ce quiz a été pris 240 fois
    211 depuis la dernière actualisation
  • Le résultat moyen est 8 sur 10
Statistiques - réponses
Question Réponse % Correct
Qui a créé la Ve République ? Charles de Gaulle
100%
Qui a adopté le mariage pour tous François Hollande
92%
Qui a aboli la peine de mort ? François Mitterrand
87%
Qui a prononcé l'indépendance de l'Algérie ? Charles de Gaulle
84%
Qui a dépénalisé l'homosexualité ? François Mitterrand
84%
Qui a autorisé l'IVG (interruption volontaire de grossesse) ? Valéry Giscard d'Estaing
79%
Qui a mis fin au service militaire obligatoire ? Jacques Chirac
74%
Qui a créé le PACS (pacte civil de solidarité) ? Jacques Chirac
71%
Qui a instauré la majorité à 18 ans ? Valéry Giscard d'Estaing
71%
Qui a mis en place les 35 heures de travail hebdomadaire ? Jacques Chirac
53%
Aucun quiz correspondant
Distribution des résultats
% des personnes avec chaque résultat
Percentile par nombre de réponses
Votre historique - résultats
Vous n’avez pas pris ce quiz depuis la dernière actualisation